000 00657nam a2200253Ia 4500
003 OSt
005 20220918163853.0
006 a|||||r|||| 00| 0
007 ta
008 220917b |||||||| |||| 00| 0 eng d
020 _a0333319877
024 _a35,133
037 _cTextual
040 _aARTS
_cARTS
_beng
041 _2eng
_aeng
082 _aO122wM, 111M4
100 _aScriven M
_915837
245 0 _aSartre's existential biographies
260 _aLondon
_bMacMillan UK
_c1984
300 _ax, 152p.
_ccm.
650 _aENGLISH LITERATURE
942 _hO122wM, 111M4
_cTEXL
_2CC
999 _c121960
_d121960